[Event "Oberliga NRW 1314"]
[Site "Germany"]
[Date "2014.01.12"]
[Round "5.1"]
[White "Van Eijk, Sander"]
[Black "Saltaev, Mihail"]
[Result "1/2-1/2"]
[WhiteElo "2364"]
[BlackElo "2459"]
[PlyCount "115"]
[EventDate "2013.09.15"]
[EventType "team-tourn"]
[EventRounds "9"]
[EventCountry "GER"]
[SourceTitle "EXT 2015"]
[Source "ChessBase"]
[SourceDate "2014.11.20"]
[SourceVersion "1"]
[SourceVersionDate "2014.11.20"]
[SourceQuality "1"]
[WhiteTeam "Castrop Rauxel"]
[BlackTeam "Muelheim II"]
[WhiteTeamCountry "GER"]
[BlackTeamCountry "GER"]

1. e4 c6 2. d4 d5 3. Nc3 dxe4 4. Nxe4 Bf5 5. Ng3 Bg6 6. Nf3 Nd7 7. Bd3 Bxd3 8. Qxd3 Ngf6 9. 0-0 e6 10. Re1 Be7 11. Bf4 0-0 12. Rad1 Re8 13. Ne4 Nxe4 14. Qxe4 Nf6 15. Qe2 Qb6 16. c3 Rad8 17. Ne5 Rd5 18. b4 Rdd8 19. Bg3 Qb5 20. Qc2 a5 21. bxa5 Qxa5 22. Rb1 Qa6 23. Qe2 b5 24. a4 Rd5 25. Bh4 Bd8 26. c4 bxc4 27. Rb8 Rxd4 28. Bxf6 gxf6 29. Nxf7 Qa5 30. Nxd8 Rdxd8 31. Rxd8 Qxd8 32. Qxc4 Qd5 33. Qg4+ Qg5 34. Qxg5+ fxg5 35. Re5 h6 36. h4 gxh4 37. Kh2 Kf7 38. Kh3 Rc8 39. Kxh4 c5 40. Kg3 c4 41. Kf3 c3 42. Re1 Rc4 43. Rc1 Rxa4 44. Rxc3 Kf6 45. Rc5 Ra3+ 46. Kf4 Ra2 47. Kg3 Rb2 48. Ra5 Rc2 49. f3 Rb2 50. Kh3 Rf2 51. Kg3 Rb2 52. Ra8 Rc2 53. Rf8+ Kg7 54. Rf4 Kg6 55. Kh3 Re2 56. g3 Re5 57. Rf8 Rf5 58. Rxf5 1/2-1/2

[Event "Oberliga NRW 1314"]
[Site "Germany"]
[Date "2013.11.17"]
[Round "3.1"]
[White "Van Eijk, Sander"]
[Black "Bitalzadeh, Ali"]
[Result "1-0"]
[WhiteElo "2364"]
[BlackElo "2428"]
[PlyCount "79"]
[EventDate "2013.09.15"]
[EventType "team-tourn"]
[EventRounds "9"]
[EventCountry "GER"]
[SourceTitle "EXT 2015"]
[Source "ChessBase"]
[SourceDate "2014.11.20"]
[SourceVersion "1"]
[SourceVersionDate "2014.11.20"]
[SourceQuality "1"]
[WhiteTeam "Castrop Rauxel"]
[BlackTeam "Erkenschwick"]
[WhiteTeamCountry "GER"]
[BlackTeamCountry "GER"]

1. e4 c5 2. Nf3 Nc6 3. d4 cxd4 4. Nxd4 Nf6 5. Nc3 d6 6. g3 Bg4 7. f3 Bd7 8. Be3 g6 9. Qd2 Bg7 10. 0-0-0 h5 11. h3 Rc8 12. f4 Qa5 13. Nb3 Qc7 14. Kb1 Be6 15. Rc1 a6 16. Nd5 Bxd5 17. exd5 Nb8 18. Bd4 Nbd7 19. Bd3 Kf8 20. c4 Nc5 21. Nxc5 dxc5 22. Be5 Qd7 23. f5 g5 24. Qxg5 Bh6 25. Qh4 Rg8 26. Bxf6 Bxc1 27. Be5 Bg5 28. Qxh5 f6 29. Bc3 b5 30. Qf3 b4 31. Be1 Qd6 32. Bf2 a5 33. Bc2 a4 34. Bxa4 Ra8 35. Bc6 Ra5 36. h4 Bh6 37. Qh5 Bd2 38. Rd1 Be3 39. Bxe3 Rxg3 40. Qh8+ 1-0

[Event "BEL-chT 1213"]
[Site "Belgium"]
[Date "2013.03.03"]
[Round "10.1"]
[White "Van Eijk, Sander"]
[Black "Van Kampen, Robin"]
[Result "0-1"]
[WhiteElo "2432"]
[BlackElo "2572"]
[PlyCount "86"]
[EventDate "2012.09.23"]
[EventType "team-tourn"]
[EventRounds "11"]
[EventCountry "BEL"]
[SourceTitle "EXT 2014"]
[Source "ChessBase"]
[SourceDate "2013.11.20"]
[SourceVersion "1"]
[SourceVersionDate "2013.11.20"]
[SourceQuality "1"]
[WhiteTeam "Borgerhout"]
[BlackTeam "Amay"]
[WhiteTeamCountry "BEL"]
[BlackTeamCountry "BEL"]

1. e4 c5 2. Nc3 d6 3. Nf3 a6 4. d4 cxd4 5. Nxd4 Nf6 6. Bc4 e6 7. 0-0 Be7 8. Bb3 0-0 9. f4 b5 10. a3 Bb7 11. Qf3 Nbd7 12. Re1 Nc5 13. g4 Qb6 14. Kg2 Nxb3 15. Nxb3 d5 16. Be3 Qc7 17. h3 b4 18. axb4 Bxb4 19. Bd4 dxe4 20. Qg3 Bd6 21. Be5 Bxe5 22. fxe5 Nd7 23. Ra5 Rab8 24. Re2 Rfc8 25. h4 Ba8 26. Rxa6 Nxe5 27. Kh3 f5 28. gxf5 exf5 29. Nd4 Ng6 30. Qxc7 Rxc7 31. Ne6 Rc6 32. Rxc6 Bxc6 33. h5 Bd7 34. hxg6 Bxe6 35. b3 hxg6 36. Kh4 Kf7 37. Na4 Kf6 38. Nc5 g5+ 39. Kg3 f4+ 40. Kf2 e3+ 41. Kf3 Kf5 42. Rh2 Bd5+ 43. Ke2 Rc8 0-1

[Event "NRW Class1 1213"]
[Site "Germany"]
[Date "2012.09.16"]
[Round "1.1"]
[White "Dahm, Jochen"]
[Black "Van Eijk, Sander"]
[Result "0-1"]
[WhiteElo "2297"]
[BlackElo "2416"]
[PlyCount "52"]
[EventDate "2012.09.16"]
[EventType "team-tourn"]
[EventRounds "9"]
[EventCountry "GER"]
[SourceTitle "EXT 2017"]
[Source "ChessBase"]
[SourceDate "2016.10.25"]
[SourceVersion "1"]
[SourceVersionDate "2016.10.25"]
[SourceQuality "1"]
[WhiteTeam "Bochum II"]
[BlackTeam "Castrop Rauxel"]
[WhiteTeamCountry "GER"]
[BlackTeamCountry "GER"]

1. e4 c5 2. Nf3 a6 3. c3 d5 4. exd5 Nf6 5. d4 cxd4 6. cxd4 Nxd5 7. Nc3 Nc6 8. Bc4 Be6 9. Bb3 Nxc3 10. bxc3 Bxb3 11. axb3 e6 12. 0-0 Be7 13. Qe2 0-0 14. Bf4 Qd5 15. Rfd1 Rfd8 16. c4 Qf5 17. Qe3 Bf6 18. Rd2 Nb4 19. Rc1 Rac8 20. h3 Nd5 21. cxd5 Rxc1+ 22. Kh2 Qxd5 23. Ne5 Bxe5 24. Bxe5 f6 25. Bxf6 gxf6 26. Rd3 Qd6+ 0-1

[Event "Vlissingen HZ op 16th"]
[Site "Vlissingen"]
[Date "2012.08.09"]
[Round "7"]
[White "Van Eijk, Sander"]
[Black "Esen, Baris"]
[Result "0-1"]
[WhiteElo "2441"]
[BlackElo "2587"]
[PlyCount "100"]
[EventDate "2012.08.04"]
[EventType "swiss"]
[EventRounds "9"]
[EventCountry "NED"]
[SourceTitle "CBM 149 Extra"]
[Source "ChessBase"]
[SourceDate "2012.08.24"]
[SourceVersion "1"]
[SourceVersionDate "2012.08.24"]
[SourceQuality "1"]

1. e4 c5 2. Nc3 d6 3. Nf3 Nf6 4. d4 cxd4 5. Nxd4 a6 6. Bc4 e6 7. 0-0 Be7 8. Bb3 0-0 9. f4 Nbd7 10. Be3 Qc7 11. g4 Nc5 12. Qf3 b5 13. g5 Nfxe4 14. Nxe4 Bb7 15. Nxe6 Nxe6 16. Rad1 Nc5 17. Bd5 Bxd5 18. Rxd5 Nxe4 19. Qxe4 Rfe8 20. Qd3 Bf8 21. Rf3 Rac8 22. c3 Qb7 23. Bf2 Rc4 24. Rd4 Rxd4 25. Bxd4 Qd5 26. b3 Re4 27. f5 Rg4+ 28. Rg3 Rf4 29. f6 g6 30. Bf2 Qe5 31. Be3 Re4 32. Bd4 Qe6 33. Re3 Qg4+ 34. Rg3 Qf5 35. Qf3 Qe6 36. Qd3 d5 37. Re3 Qg4+ 38. Kh1 h6 39. Rxe4 dxe4 40. Qg3 Qd1+ 41. Kg2 hxg5 42. Qxg5 Qe2+ 43. Kg1 Qxa2 44. Qd5 Qe2 45. Qe5 a5 46. Qe8 e3 47. h3 Qf2+ 48. Kh1 Qf1+ 49. Kh2 e2 50. Bc5 Qf4+ 0-1

[Event "Vlissingen HZ op 16th"]
[Site "Vlissingen"]
[Date "2012.08.07"]
[Round "5"]
[White "Van Eijk, Sander"]
[Black "Timmermans, Mark"]
[Result "1/2-1/2"]
[WhiteElo "2441"]
[BlackElo "2221"]
[PlyCount "63"]
[EventDate "2012.08.04"]
[EventType "swiss"]
[EventRounds "9"]
[EventCountry "NED"]
[SourceTitle "CBM 149 Extra"]
[Source "ChessBase"]
[SourceDate "2012.08.24"]
[SourceVersion "1"]
[SourceVersionDate "2012.08.24"]
[SourceQuality "1"]

1. c4 e5 2. Nc3 Nf6 3. Nf3 Nc6 4. d3 d5 5. cxd5 Nxd5 6. e4 Nb6 7. Be2 Be7 8. 0-0 0-0 9. a4 a5 10. Be3 Bf6 11. Nb5 Re8 12. Rc1 Bg4 13. h3 Be6 14. Re1 Rc8 15. Bf1 Qe7 16. Bc5 Qd8 17. Re2 Be7 18. Be3 Bb4 19. b3 f6 20. Rb1 Qd7 21. Rc2 Bf7 22. Rcc1 Rcd8 23. Qc2 Qe7 24. Rd1 Nc8 25. d4 exd4 26. Nfxd4 Nxd4 27. Nxd4 Nd6 28. Nf5 Nxf5 29. exf5 Rxd1 30. Rxd1 Rd8 31. Rc1 c6 32. Bc4 1/2-1/2

[Event "Vlissingen HZ op 16th"]
[Site "Vlissingen"]
[Date "2012.08.05"]
[Round "3"]
[White "Van Eijk, Sander"]
[Black "Beeke, Bobby"]
[Result "1/2-1/2"]
[WhiteElo "2441"]
[BlackElo "2253"]
[PlyCount "43"]
[EventDate "2012.08.04"]
[EventType "swiss"]
[EventRounds "9"]
[EventCountry "NED"]
[SourceTitle "CBM 149 Extra"]
[Source "ChessBase"]
[SourceDate "2012.08.24"]
[SourceVersion "1"]
[SourceVersionDate "2012.08.24"]
[SourceQuality "1"]

1. e4 c5 2. Nc3 Nc6 3. Nge2 d6 4. d4 cxd4 5. Nxd4 Nf6 6. Bc4 Qb6 7. Nb3 e6 8. Bf4 Ne5 9. Be2 Be7 10. Be3 Qc7 11. f4 Nc6 12. g4 h6 13. h4 a6 14. Nd4 b5 15. Nxc6 Qxc6 16. Bf3 Bb7 17. 0-0 Qc7 18. g5 Nd7 19. Ne2 Nc5 20. Ng3 hxg5 21. hxg5 0-0-0 22. Kg2 1/2-1/2

[Event "NRW Class1 1112"]
[Site "Germany"]
[Date "2012.02.05"]
[Round "6.2"]
[White "Van Eijk, Sander"]
[Black "Bruemmer, Frank"]
[Result "1-0"]
[WhiteElo "2392"]
[BlackElo "2171"]
[PlyCount "67"]
[EventDate "2011.09.18"]
[EventType "team-tourn"]
[EventRounds "9"]
[EventCountry "GER"]
[SourceTitle "EXT 2015"]
[Source "ChessBase"]
[SourceDate "2014.11.20"]
[SourceVersion "1"]
[SourceVersionDate "2014.11.20"]
[SourceQuality "1"]
[WhiteTeam "Castrop Rauxel"]
[BlackTeam "Rheine Klein Berlin"]
[WhiteTeamCountry "GER"]
[BlackTeamCountry "GER"]

1. e4 e6 2. d4 d5 3. Nd2 Nf6 4. e5 Nfd7 5. c3 c5 6. Bd3 Nc6 7. Ndf3 cxd4 8. cxd4 f5 9. exf6 Nxf6 10. Nh3 Bd6 11. 0-0 Qc7 12. Nhg5 0-0 13. Re1 e5 14. dxe5 Nxe5 15. Bxh7+ Kh8 16. Nh4 Nxh7 17. Ng6+ Kg8 18. Nxe5 Nf6 19. Bf4 Bf5 20. Rc1 Qb6 21. h3 Rae8 22. g4 Bc8 23. Qd3 Qxb2 24. Rxc8 Rxc8 25. Nd7 Qc2 26. Nxf6+ Rxf6 27. Re8+ Rxe8 28. Qxc2 Rxf4 29. Qh7+ Kf8 30. Qh8+ Ke7 31. Qxg7+ Kd8 32. Nf7+ Kc7 33. Nxd6+ Kxd6 34. Qh6+ 1-0

[Event "Hoogeveen Unive op 15th"]
[Site "Hoogeveen"]
[Date "2011.10.18"]
[Round "5"]
[White "Van Eijk, Sander"]
[Black "Van Delft, Merijn"]
[Result "1-0"]
[WhiteElo "2372"]
[BlackElo "2413"]
[PlyCount "117"]
[EventDate "2011.10.14"]
[EventType "swiss"]
[EventRounds "9"]
[EventCountry "NED"]
[SourceTitle "CBM 144 Extra"]
[Source "ChessBase"]
[SourceDate "2011.10.28"]
[SourceVersion "1"]
[SourceVersionDate "2011.10.28"]
[SourceQuality "1"]

1. e4 c5 2. Nc3 d6 3. Nf3 a6 4. d4 cxd4 5. Nxd4 Nf6 6. Bc4 e6 7. 0-0 Be7 8. Bb3 0-0 9. Be3 b5 10. f3 Bd7 11. a4 b4 12. Na2 a5 13. c3 bxc3 14. Nxc3 Nc6 15. Ndb5 Qb8 16. Bg5 Nb4 17. Kh1 Rd8 18. Qe2 Kh8 19. Rad1 Bxb5 20. Nxb5 Ng8 21. Bf4 Qb6 22. Rd2 Rd7 23. Rfd1 Rad8 24. Nc3 Nf6 25. Bc4 d5 26. Bb5 Rb7 27. Be5 dxe4 28. Rxd8+ Bxd8 29. Nxe4 Nxe4 30. fxe4 Be7 31. Qc4 h6 32. h3 Kh7 33. Bd4 Qd6 34. Qf1 Qg3 35. Qf3 Qxf3 36. gxf3 Bf6 37. Bxf6 gxf6 38. Rd8 Rc7 39. Ra8 Rc1+ 40. Kg2 Rc2+ 41. Kg3 Rxb2 42. Rxa5 Nc2 43. Ra7 Kg7 44. Be8 Kf8 45. Bxf7 Nd4 46. Bh5 Kg8 47. f4 f5 48. exf5 Nxf5+ 49. Kf3 Rb3+ 50. Kf2 Rb2+ 51. Ke1 Rb4 52. a5 Rxf4 53. a6 Ra4 54. Be8 Ra1+ 55. Kd2 Kf8 56. Bb5 Nd4 57. Bc4 Ke8 58. Rb7 Kd8 59. a7 1-0

[Event "Hoogeveen Unive op 15th"]
[Site "Hoogeveen"]
[Date "2011.10.16"]
[Round "3"]
[White "Van Eijk, Sander"]
[Black "Tiviakov, Sergei"]
[Result "0-1"]
[WhiteElo "2372"]
[BlackElo "2647"]
[PlyCount "68"]
[EventDate "2011.10.14"]
[EventType "swiss"]
[EventRounds "9"]
[EventCountry "NED"]
[SourceTitle "CBM 144 Extra"]
[Source "ChessBase"]
[SourceDate "2011.10.28"]
[SourceVersion "1"]
[SourceVersionDate "2011.10.28"]
[SourceQuality "1"]

1. e4 d5 2. exd5 Qxd5 3. Nc3 Qd6 4. d4 Nf6 5. Nf3 g6 6. Nb5 Qd8 7. c4 Bg7 8. Bf4 Na6 9. Be2 0-0 10. 0-0 Ne4 11. Rc1 c6 12. Nc3 Nxc3 13. bxc3 Bf5 14. Qb3 Qc8 15. c5 Be6 16. c4 Bg4 17. Rb1 Bxf3 18. Bxf3 Bxd4 19. Qxb7 Qxb7 20. Rxb7 e5 21. Be3 Nxc5 22. Rc7 Bxe3 23. fxe3 e4 24. Rxc6 Rac8 25. Rxc8 Rxc8 26. Bg4 Rb8 27. Rd1 Rb2 28. Rd8+ Kg7 29. Rc8 Rb1+ 30. Kf2 Nd3+ 31. Ke2 f5 32. Bh3 Rb2+ 33. Kf1 Rf2+ 34. Kg1 Rxa2 0-1

[Event "Oslo op"]
[Site "Oslo"]
[Date "2011.10.08"]
[Round "8"]
[White "Rozentalis, Eduardas"]
[Black "Van Eijk, Sander"]
[Result "1-0"]
[WhiteElo "2575"]
[BlackElo "2372"]
[PlyCount "119"]
[EventDate "2011.10.02"]
[EventType "swiss"]
[EventRounds "9"]
[EventCountry "NOR"]
[SourceTitle "CBM 144 Extra"]
[Source "ChessBase"]
[SourceDate "2011.10.28"]
[SourceVersion "1"]
[SourceVersionDate "2011.10.28"]
[SourceQuality "1"]

1. e4 c5 2. Nf3 Nc6 3. c3 d5 4. exd5 Qxd5 5. d4 Bg4 6. Be2 cxd4 7. cxd4 e6 8. Nc3 Qa5 9. Qb3 Qb4 10. Be3 Nf6 11. h3 Bh5 12. 0-0 Bd6 13. Nb5 Bb8 14. g4 Bg6 15. Ne5 Be4 16. Rfc1 Qxb3 17. axb3 0-0 18. g5 Nxe5 19. dxe5 Nd5 20. Bc5 Rd8 21. Bd6 Nf4 22. Bf1 Bc6 23. Bxb8 Bxb5 24. Bxa7 Bxf1 25. Kxf1 Nd3 26. Rc7 b5 27. Ra5 Nf4 28. Rc1 h6 29. b4 hxg5 30. Bb6 Rac8 31. Rxc8 Rxc8 32. Bc5 Rb8 33. Ra3 Kh7 34. Ke1 Kg6 35. Kd2 Kf5 36. Ra7 f6 37. Rd7 Nxh3 38. Ba7 Ra8 39. Rxg7 Kxe5 40. Rb7 Rd8+ 41. Kc3 Rd5 42. Bc5 Ke4 43. Rxb5 Nxf2 44. Rb6 Rf5 45. Rxe6+ Kd5 46. Rd6+ Ke5 47. Rd8 Ne4+ 48. Kc4 Rf1 49. Bd4+ Ke6 50. Re8+ Kf5 51. Kd5 Re1 52. Rg8 Nd2 53. b5 Nb3 54. Bc3 Re7 55. b6 g4 56. Bb4 Rf7 57. Bd6 Rh7 58. Bc7 Na5 59. b4 Nb7 60. Kc6 1-0

[Event "Oslo op"]
[Site "Oslo"]
[Date "2011.10.03"]
[Round "2"]
[White "Briseid, Hakon"]
[Black "Van Eijk, Sander"]
[Result "0-1"]
[WhiteElo "2145"]
[BlackElo "2372"]
[PlyCount "88"]
[EventDate "2011.10.02"]
[EventType "swiss"]
[EventRounds "9"]
[EventCountry "NOR"]
[SourceTitle "CBM 144 Extra"]
[Source "ChessBase"]
[SourceDate "2011.10.28"]
[SourceVersion "1"]
[SourceVersionDate "2011.10.28"]
[SourceQuality "1"]

1. d4 Nf6 2. c4 e6 3. Nc3 Bb4 4. f3 c5 5. d5 b5 6. e4 0-0 7. e5 Nh5 8. g3 Re8 9. f4 g6 10. dxe6 Bb7 11. exf7+ Kxf7 12. Nf3 bxc4 13. Kf2 Bxc3 14. Bxc4+ d5 15. exd6+ Kg7 16. bxc3 Nf6 17. Ng5 Bxh1 18. Qxh1 Ng4+ 19. Kf1 Qxd6 20. Qd5 Qd7 21. Ne6+ Kh8 22. Qxd7 Nxd7 23. Nc7 Nxh2+ 24. Kg2 Ng4 25. Nxa8 Rxa8 26. Be6 Ndf6 27. Ba3 Ne3+ 28. Kf3 Nc2 29. Bb2 Nxa1 30. c4 Kg7 31. Bxa1 Rb8 32. g4 Rb6 33. f5 gxf5 34. Bxf5 h6 35. Kf4 Kf7 36. Ke5 Ra6 37. Bb2 Rxa2 38. Bc1 Ra6 39. Be3 Rc6 40. Bd2 Ke7 41. Bxh6 Nxg4+ 42. Bxg4 Rxh6 43. Kd5 Rg6 44. Bd1 Rd6+ 0-1

[Event "Amantea op-A 9th"]
[Site "Amantea"]
[Date "2011.09.07"]
[Round "4"]
[White "Rombaldoni, Axel"]
[Black "Van Eijk, Sander"]
[Result "1/2-1/2"]
[WhiteElo "2487"]
[BlackElo "2372"]
[PlyCount "80"]
[EventDate "2011.09.04"]
[EventType "swiss"]
[EventRounds "9"]
[EventCountry "ITA"]
[SourceTitle "CBM 144 Extra"]
[Source "ChessBase"]
[SourceDate "2011.10.28"]
[SourceVersion "1"]
[SourceVersionDate "2011.10.28"]
[SourceQuality "1"]

1. e4 c5 2. Nf3 d6 3. d4 cxd4 4. Qxd4 Nc6 5. Bb5 Bd7 6. Bxc6 Bxc6 7. c4 f5 8. exf5 Bxf3 9. gxf3 Qa5+ 10. Nc3 Qxf5 11. Qe4 Qxe4+ 12. fxe4 g6 13. Be3 Bg7 14. Rc1 Rc8 15. b3 a6 16. Ke2 Nf6 17. f3 Rf8 18. c5 dxc5 19. Na4 Nd7 20. Nxc5 Nxc5 21. Rxc5 Rxc5 22. Bxc5 Kd7 23. h4 Rc8 24. b4 Rc6 25. f4 b6 26. Be3 Bc3 27. Rb1 b5 28. a3 Rc4 29. Kd3 Bf6 30. h5 Rc3+ 31. Ke2 Rc2+ 32. Kf3 Bb2 33. hxg6 hxg6 34. e5 Bxa3 35. Ra1 Bxb4 36. Rxa6 Rc6 37. Ra7+ Rc7 38. Ra6 Rc6 39. Ra7+ Rc7 40. Ra6 Rc6 1/2-1/2

[Event "Amantea op-A 9th"]
[Site "Amantea"]
[Date "2011.09.05"]
[Round "2"]
[White "Janev, Evgeni"]
[Black "Van Eijk, Sander"]
[Result "1-0"]
[WhiteElo "2511"]
[BlackElo "2372"]
[PlyCount "115"]
[EventDate "2011.09.04"]
[EventType "swiss"]
[EventRounds "9"]
[EventCountry "ITA"]
[SourceTitle "CBM 144 Extra"]
[Source "ChessBase"]
[SourceDate "2011.10.28"]
[SourceVersion "1"]
[SourceVersionDate "2011.10.28"]
[SourceQuality "1"]

1. e4 c5 2. Nf3 Nc6 3. Bb5 d6 4. d4 cxd4 5. Qxd4 Bd7 6. Bxc6 Bxc6 7. Nc3 e5 8. Qd3 Be7 9. Be3 Nf6 10. Rd1 0-0 11. 0-0 h6 12. Rfe1 Re8 13. Bc1 Bf8 14. b3 Qa5 15. a3 a6 16. b4 Qc7 17. Nd2 Rac8 18. Bb2 Red8 19. Qe3 d5 20. exd5 Bxd5 21. Nf1 Bc4 22. Ng3 Re8 23. Nge4 Nxe4 24. Nxe4 f6 25. Qg3 Kh7 26. Bc1 Rcd8 27. Qh4 Be7 28. Qg4 Bf7 29. Qe2 Rxd1 30. Rxd1 Rd8 31. Be3 Qc4 32. Qxc4 Rxd1+ 33. Qf1 Rxf1+ 34. Kxf1 Bc4+ 35. Ke1 Bd5 36. f3 g5 37. Bc5 Bd8 38. Kd2 Kg6 39. Kd3 Bc7 40. c4 Bc6 41. Nc3 g4 42. Nd5 Bxd5 43. cxd5 gxf3 44. gxf3 f5 45. d6 Bd8 46. Kc4 e4 47. fxe4 fxe4 48. Kd5 Kf5 49. Be3 h5 50. a4 h4 51. h3 a5 52. b5 b6 53. d7 Kf6 54. Bf2 Kf5 55. Be3 Kf6 56. Kd6 Kf5 57. Kc6 Ke6 58. Bf2 1-0

[Event "Vlissingen HZ op 15th"]
[Site "Vlissingen"]
[Date "2011.08.06"]
[Round "9"]
[White "Van Eijk, Sander"]
[Black "Brookes, Christopher"]
[Result "1-0"]
[WhiteElo "2380"]
[BlackElo "2056"]
[PlyCount "67"]
[EventDate "2011.07.30"]
[EventType "swiss"]
[EventRounds "9"]
[EventCountry "NED"]
[SourceTitle "CBM 143 Extra"]
[Source "ChessBase"]
[SourceDate "2011.08.29"]
[SourceVersion "1"]
[SourceVersionDate "2011.08.29"]
[SourceQuality "1"]

1. e4 c5 2. Nf3 d6 3. d4 cxd4 4. Nxd4 Nf6 5. Nc3 g6 6. g3 Bg7 7. Bg2 0-0 8. 0-0 Nc6 9. Nde2 Be6 10. h3 Rc8 11. Be3 Ne5 12. b3 Qc7 13. Rc1 Qa5 14. a4 Rfd8 15. Nd5 Kf8 16. c4 Rd7 17. Nd4 Nc6 18. Nb5 Ne8 19. Re1 b6 20. f4 Nb4 21. Kh2 Bb2 22. Rb1 Bg7 23. g4 Bxd5 24. exd5 e6 25. dxe6 fxe6 26. Bd2 e5 27. Rf1 a6 28. fxe5+ Kg8 29. Bd5+ Kh8 30. Be6 Bxe5+ 31. Kh1 axb5 32. Bxd7 Qa8+ 33. Qf3 Nd3 34. Bxc8 1-0

[Event "Utrecht OKU op 38th"]
[Site "Utrecht"]
[Date "2011.06.05"]
[Round "6"]
[White "Lalic, Bogdan"]
[Black "Van Eijk, Sander"]
[Result "1-0"]
[WhiteElo "2469"]
[BlackElo "2377"]
[PlyCount "127"]
[EventDate "2011.06.03"]
[EventType "swiss"]
[EventRounds "6"]
[EventCountry "NED"]
[SourceTitle "CBM 142 Extra"]
[Source "ChessBase"]
[SourceDate "2011.06.27"]
[SourceVersion "1"]
[SourceVersionDate "2011.06.27"]
[SourceQuality "1"]

1. d4 Nf6 2. c4 e6 3. Nf3 c5 4. d5 b5 5. dxe6 fxe6 6. cxb5 d5 7. Nc3 Bb7 8. e4 d4 9. e5 Nfd7 10. Nb1 Be7 11. Nbd2 0-0 12. Bd3 a6 13. Qc2 h6 14. Bh7+ Kh8 15. Be4 Qc7 16. Nxd4 Bxe4 17. Nxe4 Qxe5 18. Nf3 Qf5 19. Qe2 axb5 20. 0-0 Nc6 21. Re1 Nb4 22. Ng3 Qf7 23. Rd1 Bf6 24. Qxb5 Ne5 25. Nxe5 Bxe5 26. Qe2 Bd4 27. Be3 Bxe3 28. fxe3 Rxa2 29. Rxa2 Nxa2 30. Rf1 Qe7 31. Rxf8+ Qxf8 32. Qc4 Nb4 33. Qxe6 Nd3 34. Nf5 c4 35. h4 Kh7 36. h5 Qf6 37. Qxf6 gxf6 38. Kf1 Nxb2 39. Ke2 c3 40. g3 Kh8 41. Nxh6 Nc4 42. Kd3 c2 43. Kxc2 Nxe3+ 44. Kd3 Nd5 45. Ke4 Nc3+ 46. Kd3 Nd1 47. Nf5 Kh7 48. Kd4 Kg8 49. Kd5 Kf7 50. Nd6+ Kg7 51. Ke6 Kh6 52. g4 Nf2 53. Kf5 Nd1 54. Kxf6 Nc3 55. Nf7+ Kh7 56. g5 Ne4+ 57. Kf5 Ng3+ 58. Kg4 Ne4 59. Kf4 Nc3 60. Nd6 Kg7 61. Nf5+ Kf7 62. Ke5 Kg8 63. g6 Nb5 64. Kf6 1-0

[Event "Utrecht OKU op 38th"]
[Site "Utrecht"]
[Date "2011.06.05"]
[Round "5"]
[White "Van Eijk, Sander"]
[Black "Andersson, Ulf"]
[Result "1/2-1/2"]
[WhiteElo "2377"]
[BlackElo "2582"]
[PlyCount "28"]
[EventDate "2011.06.03"]
[EventType "swiss"]
[EventRounds "6"]
[EventCountry "NED"]
[SourceTitle "CBM 142 Extra"]
[Source "ChessBase"]
[SourceDate "2011.06.27"]
[SourceVersion "1"]
[SourceVersionDate "2011.06.27"]
[SourceQuality "1"]

1. e4 e6 2. d4 d5 3. Nd2 dxe4 4. Nxe4 Nd7 5. Bd3 Ngf6 6. Qe2 c5 7. Nxf6+ Nxf6 8. dxc5 Bxc5 9. Bd2 Bd7 10. 0-0-0 Qc7 11. Nf3 Bd6 12. Bc3 Bc6 13. Nd4 0-0-0 14. Nxc6 Qxc6 1/2-1/2

[Event "Utrecht OKU op 38th"]
[Site "Utrecht"]
[Date "2011.06.04"]
[Round "3"]
[White "Lenhardt, Manfred"]
[Black "Van Eijk, Sander"]
[Result "0-1"]
[WhiteElo "2111"]
[BlackElo "2377"]
[PlyCount "114"]
[EventDate "2011.06.03"]
[EventType "swiss"]
[EventRounds "6"]
[EventCountry "NED"]
[SourceTitle "CBM 142 Extra"]
[Source "ChessBase"]
[SourceDate "2011.06.27"]
[SourceVersion "1"]
[SourceVersionDate "2011.06.27"]
[SourceQuality "1"]

1. d4 e6 2. e4 d5 3. Nc3 Nf6 4. Bg5 dxe4 5. Nxe4 Nbd7 6. Nf3 h6 7. Nxf6+ Nxf6 8. Bh4 c5 9. Bb5+ Bd7 10. Bxd7+ Qxd7 11. dxc5 Qb5 12. Qe2 Qxc5 13. 0-0 Be7 14. c4 0-0 15. Rfd1 Rfd8 16. b3 Qh5 17. Rxd8+ Rxd8 18. Rd1 Qa5 19. Rxd8+ Qxd8 20. Qd2 Qxd2 21. Nxd2 g5 22. Bg3 Bb4 23. Nf3 Ne4 24. Ne5 Nc3 25. Nd3 Nxa2 26. Be5 Ba3 27. Bd4 a6 28. g4 Nc1 29. Nxc1 Bxc1 30. Kf1 f5 31. h3 Kf7 32. Ke2 Bf4 33. f3 Kg6 34. Bc5 h5 35. Bf2 hxg4 36. hxg4 Kf6 37. Kd3 Ke7 38. c5 Kd7 39. Kc4 Kc6 40. b4 fxg4 41. fxg4 e5 42. Bg1 e4 43. Bf2 e3 44. Be1 Kc7 45. Kd5 Kd7 46. Kc4 Kc6 47. Kd4 Kb5 48. Kd5 Bh2 49. Ke4 Bg1 50. Kd3 Ka4 51. Bc3 Kb3 52. Bf6 Kxb4 53. Ke2 Kxc5 54. Bxg5 Kd4 55. Bd8 Ke4 56. g5 Kf5 57. Kd3 b5 0-1

[Event "Ruhrgebiet Regionalliga 1011"]
[Site "Nordrheinwestfalen"]
[Date "2011.05.08"]
[Round "9.2"]
[White "Van Eijk, Sander"]
[Black "Voss, Hubertus"]
[Result "1-0"]
[WhiteElo "2321"]
[BlackElo "2114"]
[PlyCount "49"]
[EventDate "2010.09.19"]
[EventType "team-tourn"]
[EventRounds "9"]
[EventCountry "GER"]
[SourceTitle "EXT 2020"]
[Source "ChessBase"]
[SourceDate "2019.10.17"]
[SourceVersion "1"]
[SourceVersionDate "2019.10.17"]
[SourceQuality "1"]
[WhiteTeam "Essen Ueberruhr"]
[BlackTeam "Hamm SVg"]
[WhiteTeamCountry "GER"]
[BlackTeamCountry "GER"]

1. e4 c6 2. d4 d5 3. e5 Bf5 4. h4 h5 5. c4 e6 6. Nc3 dxc4 7. Bxc4 Nd7 8. Nge2 Be7 9. Ng3 Bg4 10. f3 Bf5 11. Nxf5 exf5 12. Qb3 Bxh4+ 13. Kf1 Qe7 14. Bf4 Nb6 15. g3 g5 16. e6 Nxc4 17. Qxc4 gxf4 18. Re1 Kf8 19. gxh4 Nf6 20. exf7 Qd7 21. Rg1 Rd8 22. Rg5 Qxd4 23. Re8+ Nxe8 24. fxe8Q+ Kxe8 25. Qe6+ 1-0

[Event "Ruhrgebiet Regionalliga 1011"]
[Site "Nordrheinwestfalen"]
[Date "2011.01.23"]
[Round "5.1"]
[White "Weidemann, Christian"]
[Black "Van Eijk, Sander"]
[Result "1-0"]
[WhiteElo "2289"]
[BlackElo "2321"]
[PlyCount "59"]
[EventDate "2010.09.19"]
[EventType "team-tourn"]
[EventRounds "9"]
[EventCountry "GER"]
[SourceTitle "EXT 2020"]
[Source "ChessBase"]
[SourceDate "2019.10.17"]
[SourceVersion "1"]
[SourceVersionDate "2019.10.17"]
[SourceQuality "1"]
[WhiteTeam "Kamen SV"]
[BlackTeam "Essen Ueberruhr"]
[WhiteTeamCountry "GER"]
[BlackTeamCountry "GER"]

1. e4 e6 2. Nf3 d5 3. exd5 exd5 4. d4 Bd6 5. c4 dxc4 6. Bxc4 Nf6 7. 0-0 0-0 8. Nc3 a6 9. Bg5 h6 10. Bh4 Nc6 11. Qd3 Nb4 12. Qb1 Be7 13. Re1 b5 14. Bb3 Bb7 15. Ne5 Nbd5 16. Qf5 b4 17. Nxd5 Bxd5 18. Bxf6 Bxf6 19. Bc2 g6 20. Nxg6 fxg6 21. Qxg6+ Bg7 22. Qh7+ Kf7 23. Qg6+ Kg8 24. Qh7+ Kf7 25. Re5 Qf6 26. Rxd5 Rh8 27. Qd3 Qc6 28. Bb3 Kf8 29. Qf5+ Bf6 30. Rd7 1-0